Les rois de France prénommés Louis - Statistiques

Statistiques générales
  • Ce quiz a été pris 126 fois
  • Le résultat moyen est 9 sur 19
Statistiques - réponses
Hint Explanation Réponse % Correct
Le plus puissant souverain d'Europe à son époque Le roi Soleil Louis XIV
83%
Il meurt à 39 ans sur l'échafaud Le 21 janvier 1793 Louis XVI
83%
Roi à 5 ans, il est l'arrière-petit-fils de son prédécesseur Le 1er septembre 1715 Louis XV
77%
Seul roi de France canonisé Saint-Louis Louis IX
74%
Roi à 9 ans par l'assassinat de son père Son père est Henri IV Louis XIII
67%
4e fils de Charlemagne Louis 1er
56%
Seul roi des Valois-Orléans, il n'a pas de fils Il est un cousin éloigné du roi précédent Louis XII
54%
Ses partisans ont longtemps espéré sa survie Fils de Louis XVI mort emprisonné Louis XVII
52%
Frère de son prédécesseur, il attend 21 ans pour monter sur le trône Frère de Louis XVI Louis XVIII
47%
Prudent et retors, il a su dominer la Bourgogne Alors que la France étant moins puissante Louis XI
46%
N'avait pas un discours fluide il était bègue Louis II
42%
Vainqueur des Vikings à Saucourt-en-Vimeu Il n'a pas 18 ans Louis III
42%
A eu le règne le plus court de France, quelques minutes Fils de Charles X Louis XIX
38%
Son mauvais caractère lui a valu son surnom Le Hutin Louis X
36%
Il doit son surnom à son courage dans la lutte contr les Anglais le Lion Louis VIII
33%
A passé son enfance en Angleterre surnommé d'Outremer Louis IV
32%
Mort d'une chute de cheval près de Senlis dernier Carolingien Louis V
23%
La construction de N.D. de Paris a lieu sous son règne En 1163, il règne de 1137 à 1180 Louis VII
22%
Il a bien mérité son surnom de "batailleur" Son règne n'est que guerres Louis VI
16%
Aucun quiz correspondant
Distribution des résultats
% des personnes avec chaque résultat
Percentile par nombre de réponses
Votre historique - résultats
Vous n’avez pas pris ce quiz